Year of Birth or Death? Quiz Stats

 Plays Quiz Updated Jan 7, 2016

Challenge
Share
Tweet
Embed
Score 0/30 Timer 05:00
1 Play Today
Person: Year B or D? % Correct
Mahatma Gandhi: 1869???
87.7%
Benjamin Franklin: 1706???
87.6%
Archduke Franz Ferdinand: 1863???
86.2%
Christopher Columbus: 1451???
83.4%
Eva Perón: 1919???
78.8%
Napoleon Bonaparte: 1769???
78.8%
Marie Antoinette: 1755???
74.5%
William the Conqueror: c. 1028???
72.5%
Ivan Pavlov: 1849???
69.8%
Amerigo Vespucci: c. 1460???
68.8%
Henry VIII of England: 1491???
68.4%
Johann Sebastian Bach: 1685???
68.2%
Joan of Arc: 1431???
67.6%
William Shakespeare: 1616???
66.8%
Ludwig van Beethoven: 1827???
66.6%
Person: Year B or D? % Correct
Leonardo Fibonacci: c. 1170???
65.7%
Leonardo da Vinci: 1452???
63.5%
Mata Hari: 1917???
62.6%
Cleopatra: c. 30 BCE???
62.5%
Saint Francis of Assisi: c. 1181???
57%
Juan Ponce de León: 1521???
56.8%
Charlemagne: 814???
56.5%
Sir Isaac Newton: 1727???
56%
Attila the Hun: 453???
55%
Kublai Khan: c. 1294???
53.7%
Aristotle: c. 322 BCE???
52.8%
Peter the Great: 1725???
52.7%
Constantine the Great: 337???
52.5%
Marco Polo: 1324???
52%
Archimedes: c. 212 BCE???
50.8%

You're not logged in!

Compare scores with friends on all Sporcle quizzes.
Join for Free
OR
Log In

You Might Also Like...

Show Comments

Extras

Top Quizzes Today


Score Distribution

Your Account Isn't Verified!

In order to create a playlist on Sporcle, you need to verify the email address you used during registration. Go to your Sporcle Settings to finish the process.

Report this User

Report this user for behavior that violates our Community Guidelines.

Details: